000 01106cam a22002055a 4500
001 L151311
008 101019s2010 xxk 000 0 eng d
035 _a(Sirsi) u151311
041 0 _aeng
100 1 _aLivingstone, Ben
245 0 0 _aHotel market
_bsurviving the storm
260 _c2010
490 0 _aSustainablebuilding inc Propertyforecast
_v(45) September 2010, 14-15(2)
520 _aHotel performance in London and provincial cities has surprised the investment market. Looks at the cyclical nature of the hotel market, operational performance during the latest recession, and the rise and rise of branded budget hotels. Outlines TRI Hospitality Consulting's (TRI) London and provincial UK's forecasts for 2010 and 2011. Figures cover average annual room occupancy, achieved average room rate and table illustrates TRI's forecasts.
590 _aKA
651 4 _aUnited Kingdom
_y
690 _aPROPERTY-COMMERCIAL PROPERTY-LEISURE PROPERTY-HOLIDAY AND GUEST PROPERTY-HOTEL PROPERTY-HOTELS
690 _aPROPERTY-COMMERCIAL PROPERTY-COMMERCIAL PROPERTY FINANCE AND INVESTMENT
942 _n0
999 _c82761
_d82761